| 000 | 00975nam a22001817a 4500 | ||
|---|---|---|---|
| 005 | 20260124092246.0 | ||
| 008 | 230712b ||||| |||| 00| 0 eng d | ||
| 040 |
_cSSBUL _dSSBUL |
||
| 082 |
_223 _a၉၅၉.၁ သစ် ၁၆၀၉၀ (S-SAT) |
||
| 100 |
_aသစ်မောင်၊ _cရဲဘော်။ _927801 |
||
| 245 |
_aပြည်တွင်းသောင်းကျန်းမှုသမိုင်း အပိုင်း(၂) / _cရဲဘော်သစ်မောင်။ |
||
| 260 |
_aရန်ကုန်၊ _bကြေးမုံသတင်းစာတိုက်၊ _c၁၉၉၀။ |
||
| 300 |
_a၂၇၃ စာမျက်နှာ၊ _c၂၃ စင်တီ။ |
||
| 500 | _aS-SAT: Dr. Prof Sai Aung Tun | ||
| 650 |
_aနိုင်ငံရေးပါတီများ _zမြန်မာနိုင်ငံ။ _927802 |
||
| 651 |
_aမြန်မာနိုင်ငံ _xသမိုင်း။ _96190 |
||
| 942 |
_2ddc _cBK1 |
||
| 999 |
_c27067 _d27067 |
||